La formación de recursos humanos en Chile: necesidad de un diseño estratégico

La temática de la formación de recursos humanos para la competitividad representa uno de los temas fundamentales en el diseño de una estrategia de desarrollo basada en el mercado y orientada al mercado internacional. Chile es un país que ha conseguido generar condiciones de estabilidad macroeconómic...

Full description

Bibliographic Details
Main Author: Murillo Navarro, José
Other Authors: Klenner Meixner, Arno (profesor guía)
Format: Tesis
Language:Spanish
Published: Santiago, Chile: Universidad Academia de Humanismo Cristiano, 1997.
Subjects:
Online Access:Disponible en línea (PDF). Biblioteca Digital UAHC

MARC

LEADER 00000nmm a22000007a 4500
001 044615
003 UAHC_CL
005 20230120133819.0
008 010822b cl o d 000 spa
040 |a UAHC_CL  |c UAHC_CL  |d UAHC_CL 
100 1 |a Murillo Navarro, José 
245 1 3 |a La formación de recursos humanos en Chile:  |b necesidad de un diseño estratégico  |c José Murillo Navarro y Arno Klenner, profesor guía. 
260 |a Santiago, Chile:  |b Universidad Academia de Humanismo Cristiano,  |c 1997. 
300 |a 49 páginas. 
500 |a Tesis para optar al título de Ingeniero Comercial y al grado de Licenciado en Ciencias en la Administración de Empresas. 
502 |a Tesis (Ingeniería Comercial). -- Universidad Academia de Humanismo Cristiano, 1997. 
516 |a Tesis electrónica (PDF). Solicitar envío de documento a biblioteca@academia.cl. 
520 |a La temática de la formación de recursos humanos para la competitividad representa uno de los temas fundamentales en el diseño de una estrategia de desarrollo basada en el mercado y orientada al mercado internacional. Chile es un país que ha conseguido generar condiciones de estabilidad macroeconómica en una región en donde predomina la inestabilidad. Ha logrado reducir la inflación a magnitudes de un dígito, el desempleo promedio es bajo y existe un buen nivel de inversión. Esta situación hace propicio realizar nuevas propuestas para perfeccionar las opciones de la política pública. 
650 0 |a Recursos humanos   |9 14250  |z Chile  
650 0 |a Administración de personal   |9 14285  |z Chile 
700 |a Klenner Meixner, Arno  |9 14510  |e profesor guía 
856 |u http://bibliotecadigital.academia.cl/xmlui/handle/123456789/5921  |y Disponible en línea (PDF). Biblioteca Digital UAHC 
900 |a TINGECO 45 
942 |c TS  |2 ddc 
952 |0 0  |1 0  |4 0  |6 TINGECO_45_000000000000000  |7 0  |8 COMP  |9 82384  |a BC  |b BC  |c Digital  |d 2017-08-03  |o TINGECO 45  |r 2019-01-15 00:00:00  |w 2017-08-03  |y TS  |z Documento en PDF  |B ICOM 
999 |c 44615  |d 44615